| 000 | 00540nam a22001697a 4500 | ||
|---|---|---|---|
| 003 | OSt | ||
| 005 | 20251205045834.0 | ||
| 008 | 251205b |||||||| |||| 00| 0 eng d | ||
| 040 |
_aDWCL-Main lib. _cOC |
||
| 082 | _aFil. 262.2 B117 1993 | ||
| 100 | _aBacani, Teodoro C. | ||
| 245 |
_aCreating a future : _bevangelization towards the third millenium/ _cTeodoro C. Bacani |
||
| 260 |
_aManila : _b Gift of God Publications, _cc1993. |
||
| 300 |
_a219 p. p. ; _c21 cm. |
||
| 650 | _aEvangelistic work. | ||
| 942 |
_2ddc _cBK - FIL _hFil. _n0 |
||
| 999 |
_c6933 _d6933 |
||